Hindi sahitya ka sankshipt ithihas. (Record no. 180344)
[ view plain ]
| 000 -LEADER | |
|---|---|
| fixed length control field | 00446nam a2200169Ia 4500 |
| 008 - FIXED-LENGTH DATA ELEMENTS--GENERAL INFORMATION | |
| fixed length control field | 210707s1981 xx 000 0 und d |
| 041 ## - LANGUAGE CODE | |
| Language code of text/sound track or separate title | eng |
| 082 ## - DEWEY DECIMAL CLASSIFICATION NUMBER | |
| Classification number | H891.9 VARH |
| 100 ## - MAIN ENTRY--PERSONAL NAME | |
| Personal name | VARSHNEYA (Lakshmisagara) |
| 245 ## - TITLE STATEMENT | |
| Title | Hindi sahitya ka sankshipt ithihas. |
| 260 ## - PUBLICATION, DISTRIBUTION, ETC. | |
| Place of publication, distribution, etc. | Ilahabad |
| Name of publisher, distributor, etc. | Lokabharati prakashan |
| Date of publication, distribution, etc. | 1981 |
| 300 ## - PHYSICAL DESCRIPTION | |
| Extent | 244 p |
| 365 ## - TRADE PRICE | |
| Price amount | 8 |
| Currency code | INR |
| 563 ## - BINDING INFORMATION | |
| Binding note | PB |
| 650 ## - SUBJECT ADDED ENTRY--TOPICAL TERM | |
| Topical term or geographic name entry element | Hindi Criticism |
| 906 ## - LOCAL DATA ELEMENT F, LDF (RLIN) | |
| a | History of hindi literature |
| Withdrawn status | Lost status | Damaged status | Not for loan | Collection code | Home library | Current library | Date acquired | Cost, normal purchase price | Total Checkouts | Full call number | Barcode | Date last seen | Price effective from | Koha item type |
|---|---|---|---|---|---|---|---|---|---|---|---|---|---|---|
| St Aloysius Library | St Aloysius Library | 08/14/2003 | 8.00 | H891.9 VARH | BB04354 | 07/08/2021 | 07/08/2021 | Book Bank |